| 000 | 00335nam a22001217a 4500 | ||
|---|---|---|---|
| 082 |
_a621.43 _bHEY |
||
| 100 |
_a B.Heywood, John _9118506 |
||
| 245 |
_aInternal Combustion Engine Fundamentals : _bVOL 1/ _cJohn B. Heywood |
||
| 250 | _aSecond Edition | ||
| 260 |
_aNew York : _bMc Graw Hil ; _c2018. |
||
| 300 | _a600p. | ||
| 942 |
_2ddc _cBK |
||
| 999 |
_c606742 _d606742 |
||